Welcome to CU Library Online Public Access Catalogue (OPAC)

God under fire : (Record no. 3940)

MARC details
000 -LEADER
fixed length control field 00906cam a22002414a 4500
001 - CONTROL NUMBER
control field 12814266
005 - DATE AND TIME OF LATEST TRANSACTION
control field 20250218125523.0
008 - FIXED-LENGTH DATA ELEMENTS--GENERAL INFORMATION
fixed length control field 020612s2002 miu b 001 0 eng
020 ## - INTERNATIONAL STANDARD BOOK NUMBER
International Standard Book Number 0310232694 (alk. paper)
020 ## - INTERNATIONAL STANDARD BOOK NUMBER
Canceled/invalid ISBN 9780310830924
Qualifying information ebook
050 00 - LIBRARY OF CONGRESS CALL NUMBER
Classification number BT103
Item number .G63 2002
082 00 - DEWEY DECIMAL CLASSIFICATION NUMBER
Classification number 231
Edition information 21
245 00 - TITLE STATEMENT
Title God under fire :
Remainder of title modern scholarship reinvents God /
Statement of responsibility, etc. Douglas S. Huffman, Eric L. Johnson, general editors.
260 ## - PUBLICATION, DISTRIBUTION, ETC.
Place of publication, distribution, etc. Grand Rapids, Mich. :
Name of publisher, distributor, etc. Zondervan,
Date of publication, distribution, etc. c2002.
300 ## - PHYSICAL DESCRIPTION
Extent 325 p. ;
Dimensions 24 cm.
650 #0 - SUBJECT ADDED ENTRY--TOPICAL TERM
Topical term or geographic name entry element God (Christianity)
650 #0 - SUBJECT ADDED ENTRY--TOPICAL TERM
Topical term or geographic name entry element Apologetics.
700 1# - ADDED ENTRY--PERSONAL NAME
Personal name Huffman, Douglas S.,
Dates associated with a name 1961-
Relator term editor.
700 1# - ADDED ENTRY--PERSONAL NAME
Personal name Johnson, Eric L.,
Dates associated with a name 1956-
Relator term editor.
856 42 - ELECTRONIC LOCATION AND ACCESS
Materials specified Publisher description
Uniform Resource Identifier <a href="http://www.loc.gov/catdir/enhancements/fy0633/2002009297-d.html">http://www.loc.gov/catdir/enhancements/fy0633/2002009297-d.html</a>
856 41 - ELECTRONIC LOCATION AND ACCESS
Materials specified Table of contents only
Uniform Resource Identifier <a href="http://www.loc.gov/catdir/enhancements/fy0633/2002009297-t.html">http://www.loc.gov/catdir/enhancements/fy0633/2002009297-t.html</a>
942 ## - ADDED ENTRY ELEMENTS (KOHA)
Source of classification or shelving scheme Library of Congress Classification
Koha item type Books
Suppress in OPAC No
999 ## -
-- 3940
-- 3940
Holdings
Withdrawn status Lost status Source of classification or shelving scheme Damaged status Not for loan Collection Home library Current library Shelving location Date acquired Total checkouts Full call number Barcode Date last seen Copy number Price effective from Koha item type
    Library of Congress Classification     Non-fiction Graduate Library (Christ Temple) Graduate Library (Christ Temple) General stacks 02/18/2025   BT 103 GOD GSCT00000520 02/18/2025 1 02/18/2025 Books
© 2023-2024 Copyright: Central University Libraries. All Rights Reserved | Created by: Mahone Tech Office